[Event "Titled Tuesday intern op 14th Jan Early"]
[Site "Chess.com INT"]
[Date "2025.01.14"]
[Round "1"]
[White "Zienert, Richard"]
[Black "Lopez Ramirez, David Santiago"]
[Result "1/2-1/2"]
[WhiteElo "2266"]
[BlackElo "2175"]
[PlyCount "239"]
[EventDate "2025.01.14"]
[EventType "swiss (blitz)"]
[EventRounds "11"]
[EventCountry "USA"]
[SourceTitle "CB04_2025"]
[SourceDate "2025.01.22"]
[SourceVersion "1"]
[SourceVersionDate "2025.01.22"]
[SourceQuality "1"]

1. e4 c5 2. Nf3 e6 3. d4 cxd4 4. Nxd4 Nc6 5. Nc3 Qc7 6. Nxc6 a6 7. Nd4 Nf6 8. Bd3 Bc5 9. Nb3 Bb4 10. Bd2 Be7 11. 0-0 b5 12. Qe2 Bb7 13. a4 b4 14. Nd1 0-0 15. e5 Nd5 16. f4 f6 17. Qh5 h6 18. Qg6 f5 19. Qg3 Kh7 20. Kh1 Rg8 21. h4 Qd8 22. h5 g5 23. hxg6+ Rxg6 24. Qh3 Qg8 25. Rf2 Rg4 26. Kg1 Rh4 27. Qf3 Rb8 28. Qe2 Qg3 29. Qe1 Rg4 30. Be2 Nxf4 31. Bxg4 Nxg2 32. Rf3 Qxg4 33. Qg3 Bxf3 34. Qxg4 fxg4 35. Nf2 Nh4 36. Nd3 Nf5 37. Re1 h5 38. Ndc5 Bxc5+ 39. Nxc5 a5 40. Nxd7 Rd8 41. Nf6+ Kg6 42. Bf4 Rc8 43. Rc1 Nd4 44. Kf2 Ne2 45. c4 Nxf4 46. b3 Nd3+ 47. Ke3 Nxc1 48. Nd7 Nxb3 49. Nb6 Rc6 50. c5 Nxc5 51. Nc4 Nxa4 52. Nxa5 Ra6 53. Nb3 Kf5 54. Nd4+ Kxe5 55. Nc2 Rc6 56. Nxb4 h4 57. Kf2 h3 58. Kg3 Rc3 59. Na2 Ra3 60. Nc1 Kf5 61. Kf2 Be4 62. Ne2 g3+ 63. Nxg3+ Rxg3 64. Kxg3 Nc5 65. Kxh3 Nd7 66. Kg3 Nf6 67. Kf2 Nd5 68. Ke2 Kf4 69. Kd2 Ke5 70. Ke2 Kd4 71. Kd2 Nb4 72. Ke2 Nc2 73. Kd2 Kc4 74. Ke2 Kc3 75. Kf2 Kd2 76. Kg3 Nd4 77. Kf4 Kd3 78. Ke5 Bd5 79. Kd6 e5 80. Kxe5 Bc4 81. Kd6 Nb5+ 82. Kc5 Nc7 83. Kd6 Nd5 84. Kc5 Bb3 85. Kd6 Kd4 86. Ke6 Bc2 87. Kd6 Be4 88. Ke6 Nb4 89. Kf6 Bd5 90. Kf5 Nd3 91. Kf6 Nc5 92. Kf5 Ne4 93. Kf4 Be6 94. Kf3 Bf5 95. Kf4 Bg6 96. Kg4 Ke5 97. Kh3 Kf4 98. Kh4 Ng3 99. Kh3 Bf7 100. Kh4 Nf5+ 101. Kh3 Kf3 102. Kh2 Be6 103. Kh3 Bd7 104. Kh2 Ng3 105. Kg1 Ne2+ 106. Kf1 Ba4 107. Ke1 Ke3 108. Kf1 Kf3 109. Ke1 Bb3 110. Kd2 Bd5 111. Kd3 Kf2 112. Kd2 Be6 113. Kd3 Kf3 114. Kd2 Nf4 115. Kc3 Ke3 116. Kb4 Ne2 117. Kc5 Nd4 118. Kd6 Bc4 119. Kc5 Bd3 120. Kd5 1/2-1/2

[Event "Titled Tuesday intern op 26th Nov Late"]
[Site "Chess.com INT"]
[Date "2024.11.26"]
[Round "11"]
[White "Herbrig, Alexander"]
[Black "Zienert, Richard"]
[Result "0-1"]
[WhiteElo "2295"]
[BlackElo "2266"]
[PlyCount "80"]
[EventDate "2024.11.26"]
[EventType "swiss (blitz)"]
[EventRounds "11"]
[EventCountry "USA"]
[SourceTitle "CB49_2024"]
[SourceDate "2024.12.04"]
[SourceVersion "1"]
[SourceVersionDate "2024.12.04"]
[SourceQuality "1"]

1. d4 Nf6 2. Bf4 e6 3. e3 b6 4. c3 Bb7 5. Nf3 d6 6. Be2 Nbd7 7. Nbd2 Ne4 8. h3 Be7 9. 0-0 0-0 10. Ne1 Nxd2 11. Qxd2 e5 12. Bh2 Re8 13. dxe5 Nxe5 14. f4 Nd7 15. Bf3 Bxf3 16. Nxf3 Nc5 17. Rae1 Bf6 18. Qd5 Qd7 19. Nd4 Ne4 20. Nc6 a5 21. f5 a4 22. Rf4 Nc5 23. e4 a3 24. b4 Nd3 25. Ne7+ Rxe7 26. Qxd3 Qc6 27. c4 h6 28. Rg4 Rae8 29. Kf1 Qa4 30. b5 Qb4 31. Bg1 Qb2 32. Re2 Qa1+ 33. Kf2 h5 34. Rg3 Bh4 35. Bh2 Qc1 36. Rd2 Rxe4 37. Rd1 Bxg3+ 38. Bxg3 Re2+ 39. Qxe2 Rxe2+ 40. Kxe2 Qxc4+ 0-1

[Event "Titled Tuesday intern op 26th Nov Late"]
[Site "Chess.com INT"]
[Date "2024.11.26"]
[Round "8"]
[White "Swicarz, Maciej"]
[Black "Zienert, Richard"]
[Result "1-0"]
[WhiteElo "2326"]
[BlackElo "2266"]
[PlyCount "129"]
[EventDate "2024.11.26"]
[EventType "swiss (blitz)"]
[EventRounds "11"]
[EventCountry "USA"]
[SourceTitle "CB49_2024"]
[SourceDate "2024.12.04"]
[SourceVersion "1"]
[SourceVersionDate "2024.12.04"]
[SourceQuality "1"]

1. e4 c6 2. Nc3 d5 3. Qe2 dxe4 4. Nxe4 Nf6 5. Nxf6+ gxf6 6. g3 Na6 7. Bg2 Nb4 8. d3 h5 9. Nf3 Bg4 10. h3 Bxf3 11. Bxf3 h4 12. g4 e6 13. a3 Nd5 14. c4 Nb6 15. Be3 Qd7 16. d4 0-0-0 17. 0-0-0 Kb8 18. Kb1 Ka8 19. Rc1 Bh6 20. Rhd1 Bxe3 21. fxe3 Qc7 22. Qf2 Nd7 23. Bg2 Qg3 24. Qxg3 hxg3 25. Rf1 e5 26. d5 cxd5 27. cxd5 Kb8 28. Rf3 Nb6 29. e4 Rc8 30. Rxg3 Rxc1+ 31. Kxc1 Nc4 32. Rf3 Rh6 33. Rc3 Nd6 34. Kd2 Nb5 35. Rc1 Nd4 36. Ke3 Rh8 37. Rf1 Rh6 38. Rh1 Kc7 39. h4 Kd6 40. h5 Rh8 41. Rc1 Rg8 42. Bf3 Rh8 43. Be2 Rg8 44. Rg1 Rh8 45. Rf1 Ke7 46. Rc1 Kd6 47. Bd1 Rh6 48. Rc8 Kd7 49. Rf8 Rh7 50. Ba4+ Kc7 51. Re8 b5 52. Bd1 Kd6 53. Ra8 b4 54. Rxa7 bxa3 55. bxa3 Nb5 56. Ra6+ Kc7 57. a4 Nd4 58. Rxf6 Kb7 59. g5 Rg7 60. g6 fxg6 61. hxg6 Rg8 62. Rf7+ Kb6 63. g7 Ka5 64. Re7 Kb6 65. Rxe5 1-0

[Event "Titled Tuesday intern op 26th Nov Late"]
[Site "Chess.com INT"]
[Date "2024.11.26"]
[Round "6"]
[White "Zienert, Richard"]
[Black "Korneev, Svyatoslav"]
[Result "1-0"]
[WhiteElo "2266"]
[BlackElo "2181"]
[PlyCount "79"]
[EventDate "2024.11.26"]
[EventType "swiss (blitz)"]
[EventRounds "11"]
[EventCountry "USA"]
[SourceTitle "CB49_2024"]
[SourceDate "2024.12.04"]
[SourceVersion "1"]
[SourceVersionDate "2024.12.04"]
[SourceQuality "1"]

1. e4 e6 2. d4 d5 3. Nc3 Bb4 4. Nge2 dxe4 5. Ng3 Nc6 6. Bb5 Nge7 7. Ngxe4 0-0 8. Be3 f5 9. a3 Bxc3+ 10. Nxc3 f4 11. Bd2 Nxd4 12. Bc4 Kh8 13. 0-0 e5 14. f3 Bf5 15. Ne4 Bxe4 16. fxe4 c5 17. c3 Ndc6 18. Qe2 Qb6 19. Kh1 Rad8 20. b4 cxb4 21. axb4 a6 22. Be1 Ng6 23. Bf2 Qc7 24. Bc5 Rfe8 25. Rad1 Rxd1 26. Rxd1 Rd8 27. Rd5 Nce7 28. Rxd8+ Qxd8 29. h3 b5 30. Bb3 f3 31. Qxf3 Nf4 32. Be3 Neg6 33. Bd5 h6 34. Kh2 Qd6 35. Bc5 Qf6 36. Bb3 Kh7 37. Qg4 Qc6 38. Qf5 Qf6 39. Qc8 Qg5 40. Qg8# 1-0

[Event "Titled Tuesday intern op 26th Nov Late"]
[Site "Chess.com INT"]
[Date "2024.11.26"]
[Round "9"]
[White "Zienert, Richard"]
[Black "Reprintsev, Alexander"]
[Result "0-1"]
[WhiteElo "2266"]
[BlackElo "2230"]
[PlyCount "134"]
[EventDate "2024.11.26"]
[EventType "swiss (blitz)"]
[EventRounds "11"]
[EventCountry "USA"]
[SourceTitle "CB49_2024"]
[SourceDate "2024.12.04"]
[SourceVersion "1"]
[SourceVersionDate "2024.12.04"]
[SourceQuality "1"]

1. e4 d5 2. exd5 Qxd5 3. Nc3 Qa5 4. d4 Nf6 5. Bd2 Bg4 6. Nf3 Qf5 7. Bd3 Bxf3 8. Bxf5 Bxd1 9. Rxd1 Nc6 10. Nb5 e6 11. Nxc7+ Kd7 12. Nxa8 exf5 13. 0-0 Bd6 14. c4 Rxa8 15. c5 Bc7 16. d5 Nxd5 17. Bc3 Nce7 18. Bxg7 Kc6 19. Rfe1 Ng6 20. g3 f4 21. a3 a5 22. Bd4 h5 23. Rb1 a4 24. Re4 h4 25. g4 h3 26. f3 Nh4 27. Kf2 Rd8 28. Rbe1 Kb5 29. Rc1 f5 30. gxf5 Nxf5 31. Be5 Rg8 32. Rg1 Rxg1 33. Kxg1 Bxe5 34. Rxe5 Nfe3 35. Rh5 Kxc5 36. Rxh3 Nc4 37. Rh7 b5 38. h4 Nxb2 39. h5 Nf6 40. Rf7 Nxh5 41. Rf5+ Kc4 42. Rxh5 b4 43. axb4 a3 44. Kf2 Kxb4 45. Kg2 a2 46. Rh1 Nd3 47. Rd1 Kc3 48. Kh3 Kc2 49. Ra1 Kb2 50. Rxa2+ Kxa2 51. Kg4 Kb3 52. Kf5 Kc3 53. Ke4 Kd2 54. Kd4 Ke2 55. Ke4 Kf2 56. Kxd3 Kxf3 57. Kd2 Kg2 58. Ke1 f3 59. Kd2 f2 60. Kd3 f1Q+ 61. Kd4 Qd1+ 62. Ke5 Kf3 63. Ke6 Kf4 64. Ke7 Kf5 65. Kf7 Qd7+ 66. Kg8 Kg6 67. Kf8 Qd8# 0-1